[Event "Teplice Open 2019"]
[Site "Teplice"]
[Date "2019.06.23"]
[Round "9.17"]
[White "Kraus, Tomas"]
[Black "Morgunov, Marc"]
[Result "1-0"]
[WhiteElo "2479"]
[BlackElo "2351"]
[Annotator "TA"]
[PlyCount "57"]
[EventDate "2019.06.15"]
[EventType "swiss"]
[EventCountry "CZE"]
[SourceTitle "playchess.com"]
[Source "ChessBase"]
[SourceQuality "1"]

{[%evp 9,57,21,13,46,67,58,96,97,103,100,87,96,110,81,104,106,143,140,141,127,84,88,141,141,192,192,316,270,345,345,625,532,950,951,885,1179,1162,1149,1058,1006,29988,29989,29989,29990,29990,29991,29992,29990,29993,547]} 1. Nf3 Nf6 2. d4 e6 3. c4 Bb4+ 4. Bd2 Be7 5. Nc3 O-O 6. e4 {E11: Bogo-Indian} d6 (6... d5 7. cxd5 exd5 8. e5 Ne4 9. Bd3 Nxd2 10. Qxd2 Nc6 11. O-O Bg4 12. Qf4 Bxf3 13. Qxf3 Nxd4 14. Qxd5 Qxd5 15. Nxd5 {½-½ (39) Shankland,S (2731)-Caruana,F (2828) Saint Louis 2019}) 7. Qc2 c5 8. dxc5 {White is better.} dxc5 9. e5 Nfd7 10. Bd3 $146 ({Predecessor:} 10. O-O-O f5 11. g3 b6 12. Bg2 Bb7 13. Rhg1 {1-0 (61) Dachowski,J (1933)-Konieczny,J Kolobrzeg 2009}) 10... h6 11. Bh7+ Kh8 12. Be4 a6 13. O-O Qc7 14. Rfe1 Nc6 {[#]} 15. Bf4 $1 Rd8 ({Black should play} 15... Nd4 16. Qd3 Rd8) 16. Rad1 $16 Rb8 {[#]} (16... Kg8 $16 17. h3 Nf8) 17. Qc1 $1 $18 Bf8 (17... Nf8 {was necessary.} 18. Rxd8 Qxd8) 18. Bb1 Kg8 19. h4 h5 $2 (19... Be7 20. Bxh6 b5) 20. Ne4 Be7 {[#]} 21. Nf6+ $1 {[%mdl 512]} Bxf6 (21... Nxf6 22. exf6) 22. exf6 e5 {[#]} 23. Nxe5 $1 {[%mdl 512]} Ndxe5 (23... Ncxe5 24. Bxe5) 24. Bxe5 {Qg5! would kill now.} Nxe5 25. Qg5 {[%csl Gf6][%cal Rg5g7] White mates.} Ng6 26. Bxg6 gxf6 27. Qh6 Be6 28. Bh7+ {[%mdl 64] Discovered Attack} Kh8 29. Bf5+ {Accuracy: White = 100%, Black = 23%.} 1-0

[Event "Teplice Open 2019"]
[Site "Teplice"]
[Date "2019.06.23"]
[Round "9.18"]
[White "Blohberger, Felix"]
[Black "Efroimski, Marsel"]
[Result "1-0"]
[WhiteElo "2475"]
[BlackElo "2327"]
[Annotator "TA"]
[PlyCount "62"]
[EventDate "2019.06.15"]
[EventType "swiss"]
[EventCountry "CZE"]
[SourceTitle "playchess.com"]
[Source "ChessBase"]
[SourceQuality "1"]

{[%evp 9,62,12,12,0,8,13,18,16,12,0,0,3,3,2,9,0,0,0,9,9,15,6,13,0,0,0,0,0,6,0,8,8,0,4,2,0,0,0,0,0,17,19,44,32,53,35,293,0,57,39,39,31,37,18,91]} 1. e4 e6 2. d4 d5 3. Nd2 c5 4. exd5 Qxd5 5. dxc5 Nf6 6. Ngf3 {C07: French Tarrasch: 3...c5, 4 Ngf3 and 4 exd5 Qxd5} Qxc5 7. Bd3 Qc7 8. O-O Nbd7 9. Qe2 Nc5 10. Bb5+ Bd7 11. b3 Bd6 $146 ({Predecessor:} 11... Be7 12. Bb2 O-O 13. Bxd7 Ncxd7 {0-1 (73) Admiraal,M (2478)-Meier,G (2623) chess.com INT 2019}) 12. Bb2 O-O 13. Bxd7 Ncxd7 14. Nc4 Bb4 15. a3 Be7 16. Nce5 Nxe5 17. Nxe5 Rfd8 18. Rfd1 Rxd1+ 19. Rxd1 Rd8 20. g3 Rxd1+ 21. Qxd1 h6 22. Nc4 b6 23. a4 Nd7 24. Qf3 Bf6 {White should prevent ...Bxb2.} 25. Qa8+ Kh7 {next ...Bxb2 is good for Black.} 26. Ba3 Ne5 27. Qe4+ Kg8 $2 {[%mdl 8192] [#]} (27... Ng6 $1 $14) 28. Qa8+ $2 (28. Qf4 $1 $18) 28... Kh7 $14 29. Bd6 $1 {[%cal Rd6c7]} Qc6 30. Qxc6 Nxc6 31. b4 Nd4 {Accuracy: White = 47%, Black = 42%.} (31... a6 $11) 1-0

[Event "Teplice Open 2019"]
[Site "Teplice"]
[Date "2019.06.23"]
[Round "9.19"]
[White "Warmerdam, Max"]
[Black "Serrano Salvador, Eduardo"]
[Result "1-0"]
[WhiteElo "2475"]
[BlackElo "2334"]
[Annotator "TA"]
[PlyCount "75"]
[EventDate "2019.06.15"]
[EventType "swiss"]
[EventCountry "CZE"]
[SourceTitle "playchess.com"]
[Source "ChessBase"]
[SourceQuality "1"]

{[%evp 11,75,27,55,15,14,22,18,0,0,0,4,0,0,11,43,25,72,58,85,85,85,78,86,75,97,33,47,0,0,-89,-21,-55,-1,-4,0,-12,-14,-7,0,0,0,0,0,0,75,41,37,0,0,1,6,0,0,0,0,-4,89,96,98,97,103,18,29978,29979,29979,29970]} 1. e4 c5 2. Nf3 e6 3. d4 cxd4 4. Nxd4 Nc6 5. Nc3 Qc7 6. Be3 a6 7. Qf3 {B48: Sicilian: Taimanov: 5 Nc3 Qc7 6 Be3 a6 without Be2} Nf6 8. Nxc6 bxc6 9. Qg3 {The position is equal.} Qxg3 10. hxg3 Rb8 $146 ({Predecessor:} 10... d5 11. Bd3 Rb8 12. exd5 cxd5 13. O-O-O Bd6 14. f4 Ke7 15. Bd4 {½-½ (41) Kevlishvili,R (2451)-Movsesian,S (2637) Reykjavik 2019}) 11. b3 Bb4 12. Bd2 e5 13. f3 d6 14. a3 Ba5 15. g4 Nd7 16. g5 Nf8 17. O-O-O Ne6 18. g3 (18. Kb2 $16) 18... Nd4 $14 19. Bg2 Be6 20. b4 (20. f4 $11) 20... Bb6 (20... Bd8 $17 21. Rh2 Kf8) 21. f4 Bg4 (21... a5 $15) 22. Rdf1 $11 a5 23. Rh4 axb4 24. axb4 Ne2+ 25. Nxe2 $1 Bxe2 26. Rfh1 Ra8 27. Bc3 Kf8 (27... Be3+ $11 {keeps the balance.} 28. Kb2 Bc4) 28. Kd2 ({Of course not} 28. Rxh7 $6 Be3+ 29. Kb2 Rxh7 $11) (28. fxe5 {feels hotter.} Be3+ 29. Kb2 Bxg5 30. exd6 Bxh4 31. Rxh4 h5 32. e5) 28... Bb5 29. Rxh7 (29. fxe5 {with more complications.} dxe5 30. Bxe5 Bd8 31. Rh5 Be7 32. Kc3) 29... Rxh7 30. Rxh7 Kg8 $132 {[%mdl 2048] Black is not keeping still} 31. Rh3 Ra2 {Strongly threatening ...Ba4.} 32. Bf3 Ra3 33. Bg4 Be3+ (33... Ba4 $11 {remains equal.}) 34. Kxe3 $16 {Black must now prevent Kd2.} Rxc3+ {[%mdl 64] Double Attack} 35. Kd2 Rc4 36. g6 ({White should play} 36. c3 $16) 36... Rxe4 $2 {[%mdl 8192] [#]} (36... Rd4+ $11 37. Ke3 fxg6) 37. Rh8+ $1 {[%mdl 576] Deflection, Promotion} Kxh8 38. gxf7 {Accuracy: White = 54%, Black = 44%.} 1-0

[Event "Teplice Open 2019"]
[Site "Teplice"]
[Date "2019.06.23"]
[Round "9.20"]
[White "Horak, Martin"]
[Black "Gavrilescu, David"]
[Result "0-1"]
[WhiteElo "2244"]
[BlackElo "2475"]
[Annotator "TA"]
[PlyCount "78"]
[EventDate "2019.06.15"]
[EventType "swiss"]
[EventCountry "CZE"]
[SourceTitle "playchess.com"]
[Source "ChessBase"]
[SourceQuality "1"]

{[%evp 20,78,21,17,16,12,23,15,13,10,20,20,25,25,22,0,0,0,0,0,4,-11,0,0,0,-15,-18,-22,-17,-27,-33,-43,-41,-33,-34,-110,-116,-131,-126,-117,-117,-117,-121,-219,-219,-428,-404,-428,-425,-508,-480,-1103,-851,-1572,-646,-29970,-29948,-29941,-6323,-29988,-29985]} 1. d4 d5 2. c4 e6 3. Nc3 Bb4 4. Nf3 Nf6 5. Qa4+ Nc6 6. e3 O-O 7. Qc2 dxc4 8. Bxc4 Bd6 9. O-O e5 10. h3 a6 11. a3 h6 {E51: Nimzo-Indian: Rubinstein: 4...0-0 5 Nf3 d5} (11... Bd7 12. Rd1 exd4 13. exd4 h6 14. Be3 Ne7 15. Ne5 b5 16. Ba2 c6 17. Ne4 Nxe4 18. Qxe4 Bf5 19. Qf3 {1-0 (37) Mamedyarov,S (2768)-Inarkiev,E (2709) Doha 2016}) 12. Rd1 {dxe5 is the strong threat.} Bd7 13. b4 exd4 {The position is equal.} 14. exd4 Ne7 15. Ne5 Be6 16. Bxe6 fxe6 17. Ne4 $146 ({Predecessor:} 17. Na4 b6 18. Nc5 bxc5 19. dxc5 Bxe5 20. Rxd8 Rfxd8 {0-1 (38) Saiyn,Z (2405)-Urazayev,A (2377) Khanty-Mansiysk 2016}) 17... Nxe4 18. Qxe4 Bxe5 19. Qxe5 Qd7 20. Qg3 Nf5 21. Qg4 a5 22. bxa5 Rxa5 23. Bf4 Rfa8 24. Qf3 Rd5 $36 {[%mdl 2048] Black has some pressure.} 25. Be5 Ra4 26. Rab1 c6 {[%cal Rf5d4]} 27. Qb3 ({White should try} 27. Re1 $15) 27... b5 $17 28. Rbc1 Nxd4 29. Bxd4 Raxd4 30. Rxd4 Rxd4 {[%mdl 4096] Endgame KQR-KQR} 31. Qf3 {[#]} (31. g3 $17) 31... c5 $1 $19 {[%mdl 512]} 32. g3 $2 {[#]} (32. Rb1) (32. Rxc5 Rd1+) 32... c4 $1 33. Re1 Qd5 34. Qe2 Rd3 35. Ra1 (35. Qb2 $142) 35... Kh8 36. Kh2 c3 (36... Rd2 $142 37. Qe3 {[#]} c3 $1 {[%mdl 512]}) 37. Rc1 Rd2 38. Qe3 c2 39. Qf4 Rd1 {Accuracy: White = 26%, Black = 81%.} 0-1

[Event "Teplice Open 2019"]
[Site "Teplice"]
[Date "2019.06.23"]
[Round "9.21"]
[White "Abdumalik, Zhansaya"]
[Black "Sprenar, Petr"]
[Result "1-0"]
[WhiteElo "2464"]
[BlackElo "2320"]
[Annotator "RC"]
[PlyCount "83"]
[EventDate "2019.06.15"]
[EventType "swiss"]
[EventCountry "CZE"]
[SourceTitle "playchess.com"]
[Source "ChessBase"]
[SourceQuality "1"]
[TimeControl "40/5400+30:1800+30"]

1. e4 {[%emt 0:00:00]} e6 {[%emt 0:00:00]} 2. d4 {[%emt 0:00:00]} d5 {[%emt 0:00:00]} 3. Nc3 {[%emt 0:00:00]} Bb4 {[%emt 0:00:00]} 4. e5 {[%emt 0:00:07]} c5 {[%emt 0:00:00]} 5. a3 {[%emt 0:00:20]} Ba5 {[%emt 0:00:09]} 6. b4 {[%emt 0:00:42]} cxd4 {[%emt 0:00:19]} 7. Qg4 {[%emt 0:00:35]} Kf8 {[%emt 0:00:10]} 8. Nb5 {[%emt 0:00:30]} Bb6 {[%emt 0:00:06]} 9. Nf3 {[%emt 0:02:08]} Nc6 {[%emt 0:00:22]} 10. Bb2 {[%emt 0:01:08]} Nge7 {[%emt 0:01:00]} 11. Nbxd4 {[%emt 0:05:52]} h5 {[%emt 0:00:47]} 12. Qf4 {[%emt 0:03:35]} Ng6 {[%emt 0:00:35]} 13. Nxc6 {[%emt 0:03:38]} bxc6 {[%emt 0:00:04]} 14. Qd2 {[%emt 0:00:38]} Nh4 {[%emt 0:02:56]} 15. Nd4 {[%emt 0:12:47]} c5 {[%emt 0:11:19]} 16. bxc5 {[%emt 0:02:29]} Bxc5 {[%emt 0:02:15]} 17. Nb3 {[%emt 0:00:17]} Be7 {[%emt 0:02:18]} 18. f3 {[%emt 0:07:19]} Nf5 {[%emt 0:11:53]} 19. Bd3 {[%emt 0:03:25]} g6 {[%emt 0:02:51]} 20. a4 {[%emt 0:04:06]} Rb8 {[%emt 0:04:46]} 21. O-O {[%emt 0:04:11]} h4 {[%emt 0:05:50]} 22. a5 {[%emt 0:04:33]} Qc7 {[%emt 0:06:06]} 23. Qc3 {[%emt 0:05:25]} Qxc3 {[%emt 0:02:23]} 24. Bxc3 {[%emt 0:00:02]} Bd7 {[%emt 0:05:05]} 25. Rfb1 {[%emt 0:05:21]} Kg7 {[%emt 0:08:59]} 26. Bxf5 {[%emt 0:02:19]} gxf5 {[%emt 0:00:09]} 27. a6 {[%emt 0:00:44]} Rhc8 {[%emt 0:01:42]} 28. Bd4 {[%emt 0:00:17]} Rc6 {[%emt 0:01:38]} 29. Rb2 {[%emt 0:04:59]} Ra8 {[%emt 0:19:31]} 30. Kf2 {[%emt 0:04:15]} Bc8 {[%emt 0:01:27]} 31. Rba2 {[%emt 0:00:14]} Bd8 {[%emt 0:01:24]} 32. Ke2 {[%emt 0:03:17]} f4 {[%emt 0:02:58]} 33. Kd2 {[%emt 0:03:52]} Kg6 {[%emt 0:01:03]} 34. Ra4 {[%emt 0:01:08]} Rc4 {[%emt 0:04:24]} 35. Rxc4 {[%emt 0:03:14]} dxc4 {[%emt 0:00:14]} 36. Nc5 {[%emt 0:00:06]} f6 {[%emt 0:01:38]} 37. exf6 {[%emt 0:03:01]} Bxf6 {[%emt 0:00:36]} 38. Bxf6 {[%emt 0:00:07]} Kxf6 {[%emt 0:00:10]} 39. Kc3 {[%emt 0:02:01]} Rb8 {[%emt 0:00:31]} 40. Ra4 {[%emt 0:01:42]} Rb6 {[%emt 0:01:40]} 41. Rxc4 {[%emt 0:31:06]} Kf5 {[%emt 0:30:26]} 42. Nd3 {[%emt 0:01:06]} 1-0

[Event "Teplice Open 2019"]
[Site "Teplice"]
[Date "2019.06.23"]
[Round "9.22"]
[White "Pacan-Milej, Kosma"]
[Black "Haldorsen, Benjamin"]
[Result "0-1"]
[WhiteElo "2247"]
[BlackElo "2454"]
[Annotator "TA"]
[PlyCount "72"]
[EventDate "2019.06.15"]
[EventType "swiss"]
[EventCountry "CZE"]
[SourceTitle "playchess.com"]
[Source "ChessBase"]
[SourceQuality "1"]

{[%evp 22,72,26,33,31,11,4,10,12,21,3,10,16,5,10,-29,17,-66,33,44,47,-41,-37,-95,-92,-105,-92,-124,-69,-82,-95,-89,-13,-11,-11,-9,0,0,0,0,0,-35,-8,-152,-133,-282,-275,-448,-461,-745,-711,-677,-662]} 1. d4 Nf6 2. c4 c5 3. d5 e6 4. Nc3 exd5 5. cxd5 d6 6. e4 g6 7. f4 Bg7 8. Bb5+ Nfd7 9. Nf3 a6 10. Bd3 b5 11. O-O O-O 12. Kh1 Ra7 {A67: Modern Benoni: Taimanov Variation} 13. f5 $146 ({Predecessor:} 13. a3 Re8 14. f5 gxf5 15. exf5 Nf6 16. Bg5 Rae7 17. Qd2 Kh8 18. Qf4 Bb7 19. Ne4 Nxd5 20. Qh4 {1-0 (66) Sethuraman,S (2578)-Rathnakaran,K (2389) Kolkata 2014}) 13... Ne5 14. Bg5 Bf6 {The position is equal.} 15. Bxf6 Qxf6 16. Nxe5 Qxe5 17. Qd2 Nd7 18. Rf3 f6 19. Qh6 ({White should try} 19. Ne2 $11) 19... Nb6 (19... g5 $1 $15) 20. fxg6 $14 hxg6 21. Raf1 ({Better is} 21. Qxg6+ $14 Rg7 22. Qh6) 21... Rg7 $15 22. Ne2 (22. a3 $15) 22... c4 $36 {[%mdl 2048] Black is really pushing.} 23. Bc2 ({But not} 23. Nf4 $2 Qg5 $19) 23... Bg4 ({Stronger than} 23... Qxb2 24. Nf4 $16) 24. Nf4 Qg5 (24... Bxf3 $17 25. gxf3 Qg5 26. Qxg7+ {[%mdl 64] Decoy} Kxg7 27. Ne6+ {[%mdl 64] Double Attack} Kf7 28. Nxg5+ fxg5) 25. Qxg5 $15 fxg5 26. Ne6 {[%mdl 64] Double Attack} Rxf3 (26... Bxf3 $17 27. Nxf8 Be2) 27. gxf3 $11 Bxe6 $1 28. dxe6 $17 {[%mdl 4096] Endgame KRB-KRN} Re7 29. Rg1 Rxe6 30. Rxg5 Kf7 31. f4 {[#]} d5 $1 {[%mdl 512]} 32. f5 (32. exd5 $11 {keeps the balance.} Re1+ 33. Rg1 Rxg1+ 34. Kxg1) 32... gxf5 33. Rxf5+ {[#]} (33. exd5 $17 {was the only chance.} Re2 34. Rg2 Re1+ 35. Rg1) 33... Ke7 $1 $19 34. exd5 $2 (34. Rf1 {keeps fighting.}) 34... Re2 {Black is clearly winning.} 35. d6+ (35. Bb3 $142) 35... Ke6 36. d7 Nxd7 {Accuracy: White = 25%, Black = 63%.} 0-1

[Event "Teplice Open 2019"]
[Site "Teplice"]
[Date "2019.06.23"]
[Round "9.23"]
[White "Navrotescu, Andreea-Cristiana"]
[Black "Ankit, R. Rajpara"]
[Result "0-1"]
[WhiteElo "2233"]
[BlackElo "2447"]
[Annotator "TA"]
[PlyCount "56"]
[EventDate "2019.06.15"]
[EventType "swiss"]
[EventCountry "CZE"]
[SourceTitle "playchess.com"]
[Source "ChessBase"]
[SourceQuality "1"]

{[%evp 11,114,-4,12,-27,-15,-42,-33,-106,-94,-105,-72,-107,-101,-108,-106,-86,-91,-102,-68,-69,-62,-73,-79,-93,-93,-100,-104,-111,-100,-96,-102,-123,-115,-126,-121,-115,-25,-123,-125,-125,-122,-121,-129,-114,-114,-137,-105,-97,-104,-104,-102,-100,-84,-103,-105,-109,-70,-67,-31,-33,-33,-65,-27,-110,-28,-29,-18,-18,-8,-427,-401,-365,-295,-1137,-1137,-1863,-1634,-2041,-1916,-29972,-29972,-29972,-29973,-29963,-29965,-29977,-29977,-29981,-29982,-29982,-29982,-29982,-29983,-29983,-29984,-29984,-29985,-29985,-29986,-29986,-29987,-29986,-29987,-29989,-29990]} 1. c4 Nf6 2. Nc3 e5 3. g3 c6 4. d4 exd4 5. Qxd4 d5 6. Bg2 dxc4 7. Qxd8+ {A23: English Opening: 1...e5 2 Nc3 Nf6 3 g3 c6} (7. Qxc4 Be6 8. Qa4 Nbd7 9. Nf3 Bc5 10. O-O O-O 11. Qc2 Qe7 12. b3 Rfe8 13. Bb2 Ba3 14. h3 Bxb2 15. Qxb2 Nc5 16. Nd4 {½-½ (91) Johansson,L (2399)-Socko,B (2604) Germany 2017}) 7... Kxd8 8. Bg5 Be6 9. e4 $146 (9. Nf3 $15) ({Predecessor:} 9. Nf3 Bc5 10. Rd1+ Ke7 11. Nd4 Bxd4 12. Rxd4 Na6 13. O-O Rad8 14. Rxd8 Rxd8 {½-½ (41) Isfan,I (2110)-Voinescu,D (1999) Calimanesti Caciulata 2019}) 9... h6 10. Rd1+ Ke8 11. Bf4 Nbd7 {[%cal Bb8d7,Bd7c5,Bc5d3][%mdl 32]} 12. Nge2 Nc5 13. O-O Nd3 14. h3 Bc5 (14... Nxb2 $6 15. Rb1 $11) 15. Na4 Bb4 16. Be3 b5 17. Nac3 Nxb2 18. Rb1 Nd3 {[#]} 19. e5 $1 {[%mdl 512]} Nd5 (19... Nxe5 20. Rxb4) 20. Nxd5 Bxd5 21. Bxd5 cxd5 {[#]} 22. a3 $1 {[%mdl 512]} Bxa3 {And now ...a6 would win.} 23. Rxb5 Bb2 (23... Nxe5 $6 24. Ra1 $11) (23... Bb4 $17 24. Rxd5 a5) 24. Rxd5 (24. Bd4 $11 {keeps the balance.} Bxd4 25. Nxd4) 24... Ke7 $17 ({Much weaker is} 24... Nxe5 $6 25. Rb1 $11) 25. Ra5 Rhc8 26. Bd4 Bxd4 27. Nxd4 c3 28. Nc2 a6 {Played: Rc8-c5} 0-1

[Event "Teplice Open 2019"]
[Site "Teplice"]
[Date "2019.06.23"]
[Round "9.24"]
[White "Erenberg, Ariel"]
[Black "Gungl, Theo"]
[Result "1-0"]
[WhiteElo "2434"]
[BlackElo "2313"]
[Annotator "TA"]
[PlyCount "105"]
[EventDate "2019.06.15"]
[EventType "swiss"]
[EventCountry "CZE"]
[SourceTitle "playchess.com"]
[Source "ChessBase"]
[SourceQuality "1"]

{[%evp 12,105,34,41,36,-2,30,1,21,13,24,22,27,-71,-75,-73,-50,-70,-58,-90,-81,-106,-84,-67,-60,-64,-59,-88,-38,-53,-14,-49,-39,-41,-41,-42,-24,-47,372,346,357,324,449,497,493,481,491,491,474,478,445,367,544,470,768,764,718,727,701,672,2229,3950,2365,1854,29976,29973,29971,29960,6179,897,752,713,782,766,785,771,617,723,1001,888,576,1537,29971,29971,29973,29974,29974,29975,29974,29975,29975,29976,29979,29974,29989,29990]} 1. d4 d5 2. c4 c6 3. Nf3 Nf6 4. e3 Bf5 5. Nc3 e6 6. Nh4 Be4 7. f3 Bg6 {D12: Slav Defence: 3 Nf3 Nf6 4 e3 Bf5} 8. Be2 (8. Qb3 Qb6 9. Nxg6 hxg6 10. Bd2 Nbd7 11. g3 Be7 12. Kf2 g5 13. Kg2 Rd8 14. Qxb6 axb6 15. a4 O-O 16. cxd5 exd5 17. Bd3 g4 {1-0 (54) Ding,L (2812)-Mamedov,R (2701) Astana 2019}) 8... Be7 9. Nxg6 hxg6 {The position is equal.} 10. e4 dxc4 11. Bxc4 Qb6 $146 ({Predecessor:} 11... Qc7 12. e5 Nd5 13. Nxd5 cxd5 14. Bb5+ Kf8 {1-0 (42) Guven,O (1817)-Gonen,M (1656) Konya 2017}) 12. Qe2 (12. Qb3 $11 {remains equal.}) 12... Qxd4 $17 13. Be3 Qe5 14. O-O-O Nbd7 15. g4 Bc5 16. Bd2 Nb6 17. Bb3 O-O-O 18. f4 Qc7 19. g5 Nh5 20. Rhf1 Bd4 21. Qg4 Kb8 22. Ne2 c5 23. Kb1 Qc6 24. f5 {[%cal Rf5e6]} c4 $2 {[%mdl 8192]} (24... Be5 $1 $15 {stays ahead.} 25. Bc3 Rxd1+ 26. Rxd1 Bxc3 27. Nxc3 c4) 25. Nxd4 $18 Rxd4 26. Bf4+ $1 Nxf4 27. Qxf4+ Ka8 28. Rxd4 cxb3 29. axb3 gxf5 30. exf5 Nd5 31. Qd2 Qb5 (31... g6 {might work better.} 32. Rc4 Qb5) 32. Qd3 Qb6 (32... Qxd3+ $142 33. Rxd3 g6 34. fxg6 fxg6) 33. g6 Nb4 34. Qd2 Nc6 35. Rd7 exf5 36. gxf7 Nb8 37. Rd6 Qxb3 38. Rxf5 Rf8 39. Rd8 Qe6 40. Rf2 (40. Rxf8 $142 Qxf5+ 41. Ka2) 40... Qe4+ 41. Rd3 Qg6 42. h4 Rxf7 43. Rxf7 Qxf7 {[%mdl 4096] Endgame [#] KQR-KQN} 44. Rd8 $1 {White threatens Rxb8+! and mate.} Qf1+ 45. Qd1 Qf4 46. Qd6 {[%csl Gd6][%cal Rd8b8]} Qe4+ {[#]} 47. Kc1 $1 {[%csl Gd6][%cal Rd8b8] White mates.} Qe1+ 48. Kc2 {[%csl Gd6][%cal Rd8b8]} Qe2+ 49. Kc3 {[%csl Gd6][%cal Rd8b8]} Qe3+ 50. Kb4 {[%csl Gd6][%cal Rd8b8]} a5+ 51. Kxa5 {[%csl Gd8][%cal Rd6b8]} Qe1+ 52. Ka4 {[%csl Gd8][%cal Rd6b8]} Qxh4+ 53. b4 {Accuracy: White = 64%, Black = 36%.} 1-0

[Event "Teplice Open 2019"]
[Site "Teplice"]
[Date "2019.06.23"]
[Round "9.25"]
[White "Kirk, Ezra"]
[Black "Liska, Jiri"]
[Result "1-0"]
[WhiteElo "2428"]
[BlackElo "2275"]
[Annotator "RC"]
[PlyCount "87"]
[EventDate "2019.06.15"]
[EventType "swiss"]
[EventCountry "CZE"]
[SourceTitle "playchess.com"]
[Source "ChessBase"]
[SourceQuality "1"]
[TimeControl "40/5400+30:1800+30"]

1. e4 {[%emt 0:02:21]} c5 {[%emt 0:00:00]} 2. Nf3 {[%emt 0:00:28]} Nc6 {[%emt 0:00:02]} 3. Bb5 {[%emt 0:00:04]} g6 {[%emt 0:00:15]} 4. O-O {[%emt 0:00:11]} Bg7 {[%emt 0:00:10]} 5. Re1 {[%emt 0:00:07]} e5 {[%emt 0:02:25]} 6. Bxc6 {[%emt 0:00:38]} dxc6 {[%emt 0:00:20]} 7. d3 {[%emt 0:00:11]} Qc7 {[%emt 0:07:05]} 8. Be3 {[%emt 0:03:02]} b6 {[%emt 0:00:43]} 9. Nbd2 {[%emt 0:00:53]} Nf6 {[%emt 0:02:56]} 10. a3 {[%emt 0:09:09]} Ng4 {[%emt 0:11:25]} 11. b4 {[%emt 0:01:08]} Nxe3 {[%emt 0:00:54]} 12. fxe3 {[%emt 0:00:10]} Qe7 {[%emt 0:02:57]} 13. c3 {[%emt 0:06:23]} O-O {[%emt 0:02:21]} 14. bxc5 {[%emt 0:00:57]} Qxc5 {[%emt 0:00:55]} 15. Qc1 {[%emt 0:04:31]} Bg4 {[%emt 0:08:30]} 16. d4 {[%emt 0:03:32]} Qe7 {[%emt 0:05:29]} 17. h3 {[%emt 0:03:05]} Be6 {[%emt 0:04:42]} 18. a4 {[%emt 0:21:09]} h5 {[%emt 0:08:23]} 19. c4 {[%emt 0:06:10]} Rac8 {[%emt 0:11:00]} 20. Qb1 {[%emt 0:06:04]} g5 {[%emt 0:10:09]} 21. Nxe5 {[%emt 0:04:07]} Bxe5 {[%emt 0:01:37]} 22. dxe5 {[%emt 0:00:05]} g4 {[%emt 0:04:33]} 23. hxg4 {[%emt 0:04:54]} hxg4 {[%emt 0:00:09]} 24. Rf1 {[%emt 0:00:57]} Qg5 {[%emt 0:06:20]} 25. Rf4 {[%emt 0:00:46]} Rcd8 {[%emt 0:00:51]} 26. Nf1 {[%emt 0:01:33]} Qxe5 {[%emt 0:00:42]} 27. Qe1 {[%emt 0:00:45]} Kg7 {[%emt 0:05:16]} 28. Ng3 {[%emt 0:00:34]} Rh8 {[%emt 0:01:12]} 29. Rd1 {[%emt 0:00:40]} Qg5 {[%emt 0:01:58]} 30. Qc3+ {[%emt 0:03:51]} Kh7 {[%emt 0:00:09]} 31. Rdf1 {[%emt 0:00:27]} Rhg8 {[%emt 0:01:10]} 32. Rf5 {[%emt 0:05:40]} Bxf5 {[%emt 0:00:35]} 33. Rxf5 {[%emt 0:00:03]} Qg7 {[%emt 0:00:06]} 34. Rh5+ {[%emt 0:00:06]} Kg6 {[%emt 0:00:08]} 35. e5 {[%emt 0:00:05]} f5 {[%emt 0:01:01]} 36. Rxf5 {[%emt 0:02:47]} Qd7 {[%emt 0:00:49]} 37. Rf6+ {[%emt 0:00:07]} Kg5 {[%emt 0:00:31]} 38. Rd6 {[%emt 0:02:35]} Qh7 {[%emt 0:00:34]} 39. e4 {[%emt 0:02:26]} Rxd6 {[%emt 0:00:17]} 40. exd6 {[%emt 0:00:07]} Qh8 {[%emt 0:00:50]} 41. e5 {[%emt 0:07:44]} Qh7 {[%emt 0:09:56]} 42. Qe3+ {[%emt 0:02:50]} Kh4 {[%emt 0:00:07]} 43. Nf5+ {[%emt 0:01:56]} Kh5 {[%emt 0:00:31]} 44. Qf4 {[%emt 0:00:22]} 1-0